000 01334nam a22003374a 4500
001 ebr10229766
003 CaPaEBR
006 m u
007 cr cn|||||||||
008 030311s2004 vau sb 000 0 eng
010 _z 2003005881
020 _z0971828652 (alk. paper)
040 _aCaPaEBR
_cCaPaEBR
035 _a(OCoLC)506072449
041 1 _aeng
_hger
050 1 4 _aBX1795.E27
_bP4713 2004eb
082 0 4 _a241/.64
_221
100 1 _aPesch, Heinrich,
_d1854-1926.
240 1 0 _aEthik und Volkswirtschaft.
_lEnglish
245 1 0 _aEthics and the national economy
_h[electronic resource] /
_cby Heinrich Pesch ; [translated and with an introduction by Rupert Ederer].
260 _aNorfolk, VA :
_bIHS Press,
_c2004.
300 _a182 p.
504 _aIncludes bibliographical references.
533 _aElectronic reproduction.
_bPalo Alto, Calif. :
_cebrary,
_d2013.
_nAvailable via World Wide Web.
_nAccess may be limited to ebrary affiliated libraries.
650 0 _aEconomics
_xReligious aspects
_xCatholic Church.
650 0 _aChristian sociology
_xCatholic Church.
655 7 _aElectronic books.
_2local
700 1 _aEderer, Rupert J.
710 2 _aebrary, Inc.
856 4 0 _uhttp://site.ebrary.com/lib/rucke/Doc?id=10229766
_zAn electronic book accessible through the World Wide Web; click to view
999 _c39075
_d39075